000 00853nam a2200253Ia 4500
003 OSt
005 20221005084334.0
006 a|||||r|||| 00| 0
007 ta
008 221004b |||||||| |||| 00| 0 eng d
020 _a0813529123 (pbk)
_c895
024 _a99222
037 _b056, 25/09/2009, Anshika Book International Publishers & Distributors
_cTextual
040 _aCRL
_cCRL
_beng
041 _2eng
_aeng
082 _aY15:4.2, N9
100 _aRajan Rajeswari Sunder Ed.
_917263
245 0 _aSingposts
_b Gender issues in post-independence India
260 _aNew Jesery
_bRoutledge USA
_c1999
300 _aviii,382p.
_ccm.
650 _aSOCIOLOGY
942 _hY15:4.2, N9
_cTEXL
_2cc
999 _c992451
_d992451